| 000 | 00561nam a22001817a 4500 | ||
|---|---|---|---|
| 005 | 20231207094230.0 | ||
| 008 | 231207b |||||||| |||| 00| 0 eng d | ||
| 020 | _a9781485101635 ; 9781485101703 | ||
| 041 | _aEnglish | ||
| 082 | _a348 JUT | ||
| 100 | _lEnglish | ||
| 245 |
_aJuta's Statutes of South Africa / _cJUTA'S STATUTES EDITIORS |
||
| 250 | _aTwenty-third Edition | ||
| 260 |
_aCape Town : _bJuta and Company Ltd, _c2013 |
||
| 300 |
_b471 pages ; _c26 cm. |
||
| 650 |
_aLegal practice _bLaw |
||
| 942 |
_cBK _6ALISON_BN_VRIES |
||
| 999 |
_c1157 _d1157 |
||